असे घडवा मुलांचे व्यक्तिमत्त्व (Record no. 439357)

MARC details
000 -LEADER
fixed length control field 00622nam a2200157Ia 4500
008 - FIXED-LENGTH DATA ELEMENTS--GENERAL INFORMATION
fixed length control field 100122s9999 xx 000 0 und d
082 ## - DEWEY DECIMAL CLASSIFICATION NUMBER
Item number 67061
Classification number 136.7
100 ## - MAIN ENTRY--PERSONAL NAME
Personal name मराठे रमा
245 ## - TITLE STATEMENT
Title असे घडवा मुलांचे व्यक्तिमत्त्व
250 ## - EDITION STATEMENT
Edition statement 3
260 ## - PUBLICATION, DISTRIBUTION, ETC. (IMPRINT)
Name of publisher, distributor, etc मेहता पब्लिकेशन हाऊस
Date of publication, distribution, etc 2004
300 ## - PHYSICAL DESCRIPTION
Extent 168
630 ## - SUBJECT ADDED ENTRY--UNIFORM TITLE
Uniform title असे घडवा मुलांचे व्यक्तिमत्त्व
730 ## - ADDED ENTRY--UNIFORM TITLE
Uniform title असे घडवा मुलांचे व्यक्तिमत्त्व
942 ## - ADDED ENTRY ELEMENTS (KOHA)
Koha item type Book
Holdings
Withdrawn status Lost status Damaged status Not for loan Home library Current library Date acquired Cost, normal purchase price Total Checkouts Full call number Barcode Date last seen Cost, replacement price Price effective from Koha item type Public note
        S.V. Pathak Library, Vile Parle S.V. Pathak Library, Vile Parle 03/15/2005 120.00   67061 SVPPARLE-67061 01/25/2010 120.00 01/25/2010 Book General NA